000 00307nam a22001337a 4500
008 171025b xxu||||| |||| 00| 0 eng d
020 _a101285180690
041 _aeng
080 _a336.2
100 _a55
101 _aTAK
245 _aCORPORATION PARTNERSHIP ESTATE TRUST
_cSMITH.H
942 _2udc
_cBK
999 _c35933
_d35933